| 000 | 00987nam a2200289 a 4500 | ||
|---|---|---|---|
| 001 | BRCA_5076 | ||
| 005 | 20190320204928.0 | ||
| 008 | 101110s1954----u--a######---#000-0#eng-# | ||
| 041 | _aeng | ||
| 044 | _au | ||
| 050 | 4 |
_aND623 _b.A78 1 _c1954 |
|
| 245 | 1 | 0 |
_aThe Art Quarterly _cedited by W. R. Valentiner and E. P. Richardson ; associate editor Paul L. Grigaut. |
| 260 |
_aDetroit, Michigan _bThe Detroit Institute of Arts _c1954 |
||
| 300 |
_a96 p. _bil. _c28 cm. |
||
| 500 | _aVol. XVII, Núm. 1, primavera, 1954 | ||
| 500 | _aIncluye recientes adquisiciones de importantes colecciones americanas | ||
| 500 | _aRevista inventariada por Banco de México como libro | ||
| 500 | _aEjemplar igual a D110A | ||
| 500 | _aD110 | ||
| 650 | 1 | 4 |
_aPintores italianos _97654 |
| 650 | 1 | 4 |
_apinturas italianas _912941 |
| 700 | 1 |
_aValentiner, W. R. _eEditor _912942 |
|
| 700 | 1 |
_aRichardson, E. P. _eEditor _912943 |
|
| 700 | 1 |
_aGrigaut, Paul L. _912944 |
|
| 902 | _aGFM | ||
| 942 |
_2lcc _cB |
||
| 999 |
_c4770 _d4770 |
||